| 000 | 01096cam a22003493a 4500 | ||
|---|---|---|---|
| 001 | 0000719 | ||
| 003 | DO-SdBNP | ||
| 005 | 20220627110303.0 | ||
| 007 | 0000719 | ||
| 008 | 861112 2010 sp ac 000 0 spa d | ||
| 010 | _a | ||
| 020 | _a9788466220415 | ||
| 040 |
_aBPMSU _cspa _dBPMSU _d |
||
| 082 |
_aR930 _bB886e 2010 _222 |
||
| 092 | _a | ||
| 100 | 1 | _aBruce, Julia | |
| 245 | 1 | 0 |
_aEnciclopedia del saber : _bantiguas civilizaciones / _cJulia Bruce ; traducción Maria Jesús Sevillano Ureta ; ilustraciones Nichy Palin, Peter Dennis, Gary Hincks |
| 260 |
_aMadrid : _bLibsa, _c2010. |
||
| 300 |
_a32 p. : _bil., retrato _c31 cm. |
||
| 490 | 0 | _aEnciclopedia del saber | |
| 500 | _aIncluye índice. | ||
| 534 |
_aTítulo original : _tAncient wolds |
||
| 650 | 4 | _aCivilización antigua | |
| 650 | 4 | _aHistoria antigua. | |
| 700 | 1 |
_aSevillano Ureta, María Jesús _etraductor |
|
| 700 | 1 | 2 |
_aPalin, Nicky _eilustraciones |
| 700 | 1 |
_aDennis, Peter _eilustraciones |
|
| 700 | 1 |
_aHincks, Gary _eilustraciones |
|
| 710 | 2 | _aLIBSA | |
| 910 | _aVMateo V. | ||
| 942 |
_2ddc _cBK |
||
| 999 |
_c11553 _d11553 |
||